Statistics for New Zealand Geography by Letter - M

Click here to take the quiz!

General Stats

  • This quiz has been taken 16 times
  • The average score is 3 of 15

Answer Stats

clueanswer% Correct
Fiordland sea inlet, also in that picture{Milford} Sound
93%
What mountain is pictured? Note that it's shaped like something a bishop wears...{Mitre} Peak
73%
Wairarapa's main townMasterton
33%
Home of HobbitonMatamata
27%
Childhood home of PM Jacinda ArdernMorrinsville
20%
A very cute small Wairarapa town, surrounded by vineyardsMartinborough
13%
This island in Tauranga Harbour is 20 km longMatakana
13%
The road from New Plymouth to Hamilton goes through the village, gorge, and alongside the river, all with this nameMokau
13%
This town is the gateway to Abel Tasman National ParkMotueka
13%
Fiordland lake, saved from being raised in the 1970's by large protestsManapouri
7%
This Southland river has often flooded the town of the same nameMataura
7%
Meaning sacred island, this island is connected to Rangitoto Island by a causewayMotutapu
7%
Town near Nelson, linked to Rabbit Island by a passenger ferryMapua
0%
Largest town in Rangitikei DistrictMarton
0%
Popular rafting river in northern Hawke's Bay (a railway viaduct of the same name crosses it){Mohaka} River
0%

Score Distribution

Percentile by Number Answered

Percent of People with Each Score

Your Score History

You have not taken this quiz